000 00321nam a2200157Ia 4500
100 _aMcEwen Adrian/ Hakim/Cassimally
650 _aIOT
942 _cRB
366 _f20
654 _aIOT
245 _aDesigning the internet of things
260 _bWiley
_c2014
082 _bMCE
546 _aENGLISH
999 _c24216
_d24216